[Event "Portugal Open 2020"]
[Site "Lisboa POR"]
[Date "2020.01.28"]
[Round "5.95"]
[White "Correia, Pedro Mourão"]
[Black "Bártolo, Diogo"]
[Result "1-0"]
[WhiteElo "1542"]
[BlackElo "1216"]
[WhiteFideId "1959522"]
[BlackFideId "1946757"]
[WhiteCountry "POR"]
[BlackCountry "POR"]
[PlyCount "59"]
[EventDate "2020.01.25"]

1. e4 e5 2. Bc4 Nc6 3. Nf3 h6 4. d4 exd4 5. Nxd4 Ne5 6. Bb3 Nf6 7. O-O Bd6 8. f4
Qe7 9. fxe5 Bxe5 10. c3 c5 11. Nf5 Qf8 12. Bf4 Bxf4 13. Rxf4 d5 14. Bxd5 Bxf5
15. Rxf5 O-O-O 16. Qb3 Qe7 17. Nd2 Nxd5 18. exd5 Qe3+ 19. Rf2 Rhe8 20. Raf1 Re5
21. Nc4 Qg5 22. Nxe5 Qxe5 23. c4 Rd6 24. Qa3 Qd4 25. Qc3 Qh4 26. Rxf7 Qh5 27.
Qxg7 Rd8 28. Rc7+ Kb8 29. Rxb7+ Kc8 30. Qc7# 1-0

[Event "Portugal Open 2020"]
[Site "Lisboa POR"]
[Date "2020.01.28"]
[Round "5.98"]
[White "Antunes, Ana"]
[Black "Gaudin, Bruno"]
[Result "0-1"]
[WhiteElo "1215"]
[BlackElo "1515"]
[WhiteFideId "1936310"]
[BlackFideId "647861"]
[WhiteCountry "POR"]
[BlackCountry "FRA"]
[PlyCount "70"]
[EventDate "2020.01.25"]

1. e4 d6 2. Nf3 Nf6 3. Nc3 e5 4. Bc4 Be7 5. d3 O-O 6. h3 c6 7. Bb3 Nbd7 8. Be3
b5 9. O-O a5 10. a4 b4 11. Ne2 c5 12. Ng3 Nb6 13. Qd2 Be6 14. Bxe6 fxe6 15. Ng5
Qd7 16. f4 exf4 17. Bxf4 e5 18. Be3 g6 19. Qe2 d5 20. h4 Ng4 21. Rxf8+ Rxf8 22.
Nf3 Nxe3 23. Nxe5 Qe6 24. Nxg6 Qxg6 25. Qxe3 d4 26. Nf5 Qxf5 27. exf5 dxe3 28.
Re1 Nd5 29. c4 bxc3 30. bxc3 Rxf5 31. c4 Bxh4 32. Rb1 Nc3 33. Rb8+ Rf8 34. Rxf8+
Kxf8 35. Kf1 e2+ 0-1

[Event "Portugal Open 2020"]
[Site "Lisboa POR"]
[Date "2020.01.28"]
[Round "5.100"]
[White "Florissi, Aldo"]
[Black "Cavadas, José"]
[Result "1-0"]
[WhiteElo "1351"]
[BlackElo "1529"]
[WhiteFideId "28513428"]
[BlackFideId "1904990"]
[WhiteCountry "ITA"]
[BlackCountry "POR"]
[PlyCount "124"]
[EventDate "2020.01.25"]

1. e4 c5 2. g3 d6 3. Bg2 Nf6 4. c3 Nc6 5. d4 cxd4 6. cxd4 Qb6 7. Nf3 Nxe4 8. O-O
Bg4 9. d5 Nb4 10. a3 Qa6 11. Qb3 Nd3 12. Be3 Nec5 13. Qc2 Qa4 14. Qxa4+ Nxa4 15.
b3 Nac5 16. Nbd2 g6 17. Bd4 Rg8 18. b4 Nd7 19. Ng5 Bg7 20. Bxg7 Rxg7 21. f3 h6
22. Nxf7 Rxf7 23. fxg4 N7e5 24. Be4 Rc8 25. Rxf7 Kxf7 26. Rf1+ Kg7 27. g5 hxg5
28. Nf3 Nxf3+ 29. Bxf3 Rc1 30. Rxc1 Nxc1 31. Kf2 Nd3+ 32. Ke3 Ne5 33. Be2 Kf6
34. g4 Nd7 35. Kd4 a6 36. a4 Nb8 37. b5 a5 38. b6 Nd7 39. Bb5 Ne5 40. h3 Nf3+
41. Ke4 Nd2+ 42. Kd3 Nb3 43. Bc6 Ke5 44. Kc4 Nc5 45. Kb5 Kf4 46. Kxa5 Kg3 47.
Kb5 Kxh3 48. a5 Kxg4 49. Bxb7 Kf3 50. Bc8 Ke4 51. a6 Nxa6 52. Kxa6 Kxd5 53. b7
e5 54. b8=Q e4 55. Qb5+ Kd4 56. Bg4 d5 57. Qb2+ Ke3 58. Qe2+ Kd4 59. Kb6 Ke5 60.
Qe3 d4 61. Qg3+ Kf6 62. Qd6+ Kf7 1-0

[Event "Portugal Open 2020"]
[Site "Lisboa POR"]
[Date "2020.01.28"]
[Round "5.101"]
[White "Heid, Magdalene"]
[Black "Costa, Fábio"]
[Result "1/2-1/2"]
[WhiteElo "1414"]
[BlackElo "1258"]
[WhiteFideId "16276957"]
[BlackFideId "1961063"]
[WhiteCountry "GER"]
[BlackCountry "POR"]
[PlyCount "59"]
[EventDate "2020.01.25"]

1. e4 c5 2. c3 Nf6 3. e5 Nd5 4. d4 cxd4 5. cxd4 Nc6 6. Nf3 d6 7. Bc4 Nb6 8. Bb5
d5 9. Qc2 Qc7 10. O-O e6 11. Be3 Be7 12. Rc1 Bd7 13. Nbd2 Rc8 14. Bd3 Qd8 15.
Qd1 O-O 16. Nb3 Be8 17. a3 Nd7 18. Qd2 f6 19. exf6 Bxf6 20. Bg5 h6 21. Bf4 e5
22. dxe5 Ndxe5 23. Nxe5 Nxe5 24. Bf5 Rxc1+ 25. Rxc1 Bf7 26. Bxe5 Bxe5 27. Nc5
Qd6 28. g3 b6 29. Nd7 Rd8 30. Nxe5 1/2-1/2

[Event "Portugal Open 2020"]
[Site "Lisboa POR"]
[Date "2020.01.28"]
[Round "5.102"]
[White "Martins, Domingos"]
[Black "Fonseca, René Gil"]
[Result "0-1"]
[WhiteElo "1332"]
[BlackElo "1332"]
[WhiteFideId "1947389"]
[BlackFideId "1957767"]
[WhiteCountry "POR"]
[BlackCountry "POR"]
[PlyCount "116"]
[EventDate "2020.01.25"]

1. d4 Nf6 2. Nc3 d5 3. Bf4 a6 4. e3 c5 5. Nf3 Nc6 6. Be2 e6 7. a3 Bd6 8. Bg3 O-O
9. Ne5 cxd4 10. exd4 Qc7 11. f4 Qb6 12. Nxc6 Qxc6 13. Qd2 Bd7 14. Bh4 Ne8 15.
Bd3 Qc7 16. g3 f5 17. O-O-O Nf6 18. Bxf6 Rxf6 19. h4 b5 20. Rdf1 b4 21. axb4
Bxb4 22. g4 Qa5 23. Kd1 Bb5 24. g5 Rff8 25. Qe3 Rfe8 26. Nxb5 axb5 27. Ke2 Qb6
28. Kf3 Ra7 29. c3 Bd6 30. Qe2 Rb7 31. Ra1 Kf7 32. b4 Rc8 33. Rhe1 Bf8 34. Ra5
Rxc3 35. Rxb5 Rxd3+ 36. Qxd3 Qxb5 37. Qe3 Rb6 38. h5 g6 39. h6 Qxb4 40. Qe5 Qe7
41. Rc1 Qa3+ 42. Qe3 Qxe3+ 43. Kxe3 Rb3+ 44. Ke2 Bd6 45. Rc8 Rb8 46. Rxb8 Bxb8
47. Kf3 Ke7 48. Ke3 Ba7 49. Kd3 Kd6 50. Kc3 Bb6 51. Kd3 Kc6 52. Kc3 Kb5 53. Kd3
Kb4 54. Ke3 Kc4 55. Kf3 Kxd4 56. Ke2 Kc3 57. Kf3 d4 58. Ke2 Kc2 0-1

[Event "Portugal Open 2020"]
[Site "Lisboa POR"]
[Date "2020.01.28"]
[Round "5.103"]
[White "Lages, Duarte"]
[Black "Guedes, Rui Pedro"]
[Result "1-0"]
[WhiteElo "1548"]
[BlackElo "1109"]
[WhiteFideId "2161680"]
[BlackFideId "1916084"]
[WhiteCountry "POR"]
[BlackCountry "POR"]
[PlyCount "143"]
[EventDate "2020.01.25"]

1. d4 Nf6 2. c4 e6 3. Nf3 Nc6 4. Bg5 Be7 5. e3 O-O 6. a3 d5 7. cxd5 exd5 8. Qc2
Ne4 9. Bxe7 Qxe7 10. Bd3 Re8 11. Nc3 Nxc3 12. bxc3 Bg4 13. Bxh7+ Kh8 14. Bf5
Bxf3 15. gxf3 Qf6 16. Bg4 Ne7 17. f4 a5 18. O-O Qg6 19. Qxg6 Nxg6 20. Rab1 Rab8
21. Rb5 c6 22. Rxa5 Ra8 23. Rxa8 Rxa8 24. Ra1 Nf8 25. Kf1 Ne6 26. Ke1 Nc7 27.
Kd2 g6 28. Be2 b5 29. Kc2 f5 30. Bd3 Kg7 31. Kb3 Na6 32. Rg1 Kh6 33. f3 Kh5 34.
Rg5+ Kh6 35. e4 dxe4 36. fxe4 fxe4 37. Bxe4 Rc8 38. Rxg6+ Kh5 39. f5 Nb8 40. Rg7
Re8 41. Bf3+ Kh6 42. Rg6+ Kh7 43. Bxc6 Nxc6 44. Rxc6 Kg7 45. Rb6 Re2 46. Rxb5
Rxh2 47. a4 Kf6 48. a5 Rh8 49. Kb4 Ra8 50. Rc5 Rb8+ 51. Rb5 Ra8 52. Rb6+ Kxf5
53. a6 Ke4 54. Re6+ Kd5 55. Re5+ Kc6 56. Ra5 Rb8+ 57. Ka4 Kb6 58. Rb5+ Ka7 59.
Rxb8 Kxb8 60. Kb5 Ka7 61. Ka5 Ka8 62. Kb6 Kb8 63. d5 Kc8 64. a7 Kd7 65. a8=Q Kd6
66. Qb8+ Ke7 67. Qb7+ Kf6 68. d6 Ke5 69. Qd5+ Kf4 70. d7 Ke3 71. d8=Q Kf4 72.
Q8g5# 1-0

[Event "Portugal Open 2020"]
[Site "Lisboa POR"]
[Date "2020.01.28"]
[Round "5.104"]
[White "Rosa, José"]
[Black "Ferreira, Cristina"]
[Result "1-0"]
[WhiteElo "1224"]
[BlackElo "1011"]
[WhiteFideId "1961977"]
[BlackFideId "1963082"]
[WhiteCountry "POR"]
[BlackCountry "POR"]
[PlyCount "53"]
[EventDate "2020.01.25"]

1. e4 e6 2. d4 Nf6 3. e5 Nd5 4. c4 Ne7 5. Nf3 g6 6. Bd3 Bg7 7. Nc3 O-O 8. O-O b6
9. Be4 f5 10. Bxa8 c6 11. Be3 Ba6 12. b3 d5 13. exd6 Qxd6 14. Qd2 Nd7 15. Bxc6
Nxc6 16. d5 Nde5 17. Nd4 Ng4 18. Bf4 e5 19. Ne6 Re8 20. Nxg7 exf4 21. Nxe8 Qe7
22. Rfe1 Qh4 23. Qxf4 g5 24. Qg3 Qxh2+ 25. Qxh2 Nxh2 26. Kxh2 g4 27. Re7 1-0

[Event "Portugal Open 2020"]
[Site "Lisboa POR"]
[Date "2020.01.28"]
[Round "5.105"]
[White "Moura, Miguel"]
[Black "Clemente, António J"]
[Result "1/2-1/2"]
[WhiteElo "1029"]
[BlackElo "1163"]
[WhiteFideId "1963430"]
[BlackFideId "1961799"]
[WhiteCountry "POR"]
[BlackCountry "POR"]
[PlyCount "110"]
[EventDate "2020.01.25"]

1. e4 c6 2. d4 d5 3. exd5 cxd5 4. Nf3 Nc6 5. Bb5 e6 6. Ne5 Nge7 7. Qf3 f5 8. Bg5
Qa5+ 9. Nc3 g6 10. Bxe7 Bxe7 11. Nxc6 bxc6 12. Bxc6+ Bd7 13. Bxa8 O-O 14. Bxd5
exd5 15. Qxd5+ Qxd5 16. Nxd5 Bd6 17. O-O Bc6 18. Ne3 Be4 19. c4 f4 20. Nd1 f3
21. gxf3 Bxf3 22. Ne3 Rf4 23. c5 Bb8 24. Rfc1 Rh4 25. Kf1 Rxh2 26. Ke1 Bf4 27.
Kd2 Rxf2+ 28. Kd3 g5 29. c6 Bc7 30. Rc5 Be2+ 31. Ke4 Rf4+ 32. Kd5 Bf3+ 33. Kc4
Rf6 34. Rxg5+ Kf7 35. d5 Be2+ 36. Kc3 Rf3 37. Rf5+ Rxf5 38. Nxf5 Be5+ 39. Nd4
Ba6 40. a4 h5 41. Re1 Bd6 42. Re6 Bc7 43. d6 Ba5+ 44. Kc2 Bb6 45. Re7+ Kf6 46.
Nb5 Bd8 47. Rxa7 h4 48. c7 Bxc7 49. dxc7 Bc8 50. Ra6+ Bxa6 51. Nc3 Bb7 52. Ne2
h3 53. Ng3 Kg5 54. Kd3 Kg4 55. Nh1 Kf3 1/2-1/2

[Event "Portugal Open 2020"]
[Site "Lisboa POR"]
[Date "2020.01.29"]
[Round "6.1"]
[White "Ten Hertog, Hugo"]
[Black "Alekseev, Evgeny"]
[Result "1/2-1/2"]
[WhiteElo "2503"]
[BlackElo "2623"]
[WhiteFideId "1026356"]
[BlackFideId "4138147"]
[WhiteTitle "IM"]
[BlackTitle "GM"]
[WhiteCountry "NED"]
[BlackCountry "RUS"]
[PlyCount "69"]
[EventDate "2020.??.??"]

1. Nf3 c5 2. e4 Nc6 3. d4 cxd4 4. Nxd4 Qb6 5. Nb3 Nf6 6. Nc3 e6 7. Qe2 Be7 8.
Bd2 O-O 9. O-O-O Qc7 10. Kb1 a6 11. g4 b5 12. g5 Ne8 13. f4 Bb7 14. Rg1 Rc8 15.
Rc1 Nd6 16. f5 b4 17. Nd5 exd5 18. exd5 Nxf5 19. dxc6 Bxc6 20. Bh3 Nd6 21. Bf4
Qd8 22. Rcd1 Re8 23. Nd4 Be4 24. Qg4 Nb5 25. Rge1 f5 26. Nxf5 Bxc2+ 27. Ka1 Bxd1
28. Rxd1 Rc6 29. Rxd7 Qc8 30. Qd1 Bf8 31. Nh6+ Kh8 32. Nf7+ Kg8 33. Nh6+ Kh8 34.
Nf7+ Kg8 35. Nh6+ 1/2-1/2

[Event "Portugal Open 2020"]
[Site "Lisboa POR"]
[Date "2020.01.29"]
[Round "6.2"]
[White "Indjic, Aleksandar"]
[Black "Janik, Igor"]
[Result "1-0"]
[WhiteElo "2622"]
[BlackElo "2453"]
[WhiteFideId "911925"]
[BlackFideId "1159259"]
[WhiteTitle "GM"]
[BlackTitle "IM"]
[WhiteCountry "SRB"]
[BlackCountry "POL"]
[PlyCount "61"]
[EventDate "2020.??.??"]

1. d4 Nf6 2. c4 e6 3. Nc3 Bb4 4. Qc2 O-O 5. a3 Bxc3+ 6. Qxc3 h6 7. Nf3 b6 8. e3
Bb7 9. Be2 d6 10. b4 Nbd7 11. Bb2 a5 12. O-O Ne4 13. Qc2 f5 14. d5 e5 15. Nd2
Nxd2 16. Qxd2 f4 17. exf4 Rxf4 18. g3 Rf8 19. Bg4 Ba6 20. Rac1 axb4 21. axb4 Bc8
22. Be6+ Kh8 23. f4 Qe7 24. Rce1 Ra2 25. Qc2 Qe8 26. Rf2 Rf6 27. Ref1 Bb7 28.
Bxd7 Qxd7 29. fxe5 Rxf2 30. Rxf2 Qe8 31. e6 1-0

[Event "Portugal Open 2020"]
[Site "Lisboa POR"]
[Date "2020.01.29"]
[Round "6.4"]
[White "Iturrizaga, Eduardo"]
[Black "Petrov, Nikita"]
[Result "1/2-1/2"]
[WhiteElo "2597"]
[BlackElo "2592"]
[WhiteFideId "3901211"]
[BlackFideId "4101286"]
[WhiteTitle "GM"]
[BlackTitle "GM"]
[WhiteCountry "VEN"]
[BlackCountry "RUS"]
[PlyCount "52"]
[EventDate "2020.??.??"]

1. c4 Nf6 2. g3 g6 3. Bg2 Bg7 4. Nc3 O-O 5. d4 Nc6 6. e4 e5 7. dxe5 Nxe5 8. b3
d5 9. cxd5 Re8 10. Nge2 Bg4 11. h3 Bf3 12. O-O b5 13. a3 c5 14. dxc6 Nxe4 15.
Qxd8 Raxd8 16. Nxe4 Bxe2 17. c7 Rc8 18. Nd6 Bxf1 19. Kxf1 Nd3 20. Nxe8 Rxe8 21.
Be3 Bxa1 22. Bb7 Bb2 23. a4 bxa4 24. bxa4 Ba3 25. c8=Q Rxc8 26. Bxc8 Bc5 1/2-1/2

[Event "Portugal Open 2020"]
[Site "Lisboa POR"]
[Date "2020.01.29"]
[Round "6.5"]
[White "Motylev, Alexander"]
[Black "Vasli, Aref"]
[Result "1-0"]
[WhiteElo "2640"]
[BlackElo "2391"]
[WhiteFideId "4121830"]
[BlackFideId "417521"]
[WhiteTitle "GM"]
[BlackTitle "FM"]
[WhiteCountry "RUS"]
[BlackCountry "IRI"]
[PlyCount "89"]
[EventDate "2020.??.??"]

1. e4 e5 2. Nf3 Nc6 3. d4 exd4 4. Nxd4 Qf6 5. Nxc6 Bc5 6. Qf3 bxc6 7. Nc3 d6 8.
Be3 Bb6 9. O-O-O Qxf3 10. gxf3 Ne7 11. h4 Be6 12. Rg1 Rg8 13. Ne2 f5 14. Nd4 Bd7
15. c3 g6 16. Re1 Kf7 17. Bc4+ d5 18. Bb3 Rge8 19. e5 f4 20. Bxf4 Bxd4 21. cxd4
Nf5 22. Rd1 h5 23. Bg5 Rab8 24. Bc2 Rb4 25. Rd2 Reb8 26. b3 a5 27. Rgd1 Be6 28.
Rd3 c5 29. Rc3 Nxd4 30. Rxc5 c6 31. Rxa5 R8b7 32. Ra6 Rc7 33. Bd8 Rd7 34. Ba5
Nxc2 35. Bxb4 Nxb4 36. Rb6 Ra7 37. Rxb4 Rxa2 38. Rb7+ Ke8 39. Rd4 Bc8 40. Rc7
Bd7 41. Rb4 Kd8 42. Rbb7 Bc8 43. Ra7 Re2 44. f4 Rxf2 45. Rh7 1-0

[Event "Portugal Open 2020"]
[Site "Lisboa POR"]
[Date "2020.01.29"]
[Round "6.6"]
[White "Soham, Das"]
[Black "Tari, Aryan"]
[Result "0-1"]
[WhiteElo "2355"]
[BlackElo "2635"]
[WhiteFideId "35026763"]
[BlackFideId "1510045"]
[WhiteTitle "IM"]
[BlackTitle "GM"]
[WhiteCountry "IND"]
[BlackCountry "NOR"]
[PlyCount "110"]
[EventDate "2020.??.??"]

1. d4 d5 2. Bf4 c5 3. e3 cxd4 4. exd4 Nc6 5. c3 Bf5 6. Nf3 e6 7. Nbd2 f6 8. Nh4
g5 9. Qh5+ Kd7 10. g4 Bc2 11. Rc1 gxf4 12. Rxc2 Qe8 13. Qxe8+ Rxe8 14. Ndf3 e5
15. dxe5 fxe5 16. Rd2 Kc7 17. Nf5 e4 18. Ng5 Nf6 19. Nf7 Rg8 20. g5 e3 21. fxe3
fxe3 22. Re2 Ng4 23. h3 Nf2 24. Nxe3 Rxe3 25. Kxf2 Re7 26. Rxe7+ Bxe7 27. Nh6
Rf8+ 28. Ke2 Bxg5 29. Ng4 Bh4 30. Kd1 d4 31. cxd4 Nxd4 32. Bd3 h5 33. Ne5 Rf2
34. Rf1 Rh2 35. Rf4 Rh1+ 36. Rf1 Rxh3 37. Be4 Bg5 38. Rf7+ Kd6 39. Nc4+ Ke6 40.
Rxb7 Rg3 41. Ke1 Be3 42. Nd2 Rg4 43. Bd3 Rg2 44. Nf1 Nf3+ 45. Kd1 Bb6 46. Rh7 h4
47. Be2 Rf2 48. Nd2 Nxd2 49. Kxd2 Rh2 50. Rh5 Kf6 51. b4 Kg6 52. Rh8 Bd4 53. Rd8
Bf6 54. Rd7 h3 55. Rxa7 Rxe2+ 0-1

[Event "Portugal Open 2020"]
[Site "Lisboa POR"]
[Date "2020.01.29"]
[Round "6.7"]
[White "Grigoryan, Karen H"]
[Black "Plichta, Kamil"]
[Result "1-0"]
[WhiteElo "2632"]
[BlackElo "2353"]
[WhiteFideId "13301004"]
[BlackFideId "1141830"]
[WhiteTitle "GM"]
[BlackTitle "FM"]
[WhiteCountry "ARM"]
[BlackCountry "POL"]
[PlyCount "123"]
[EventDate "2020.??.??"]

1. d4 Nf6 2. c4 g6 3. Nc3 Bg7 4. e4 d6 5. Nf3 O-O 6. Be2 e5 7. d5 a5 8. Bg5 h6
9. Be3 Ng4 10. Bd2 f5 11. exf5 gxf5 12. h3 Nf6 13. Qc1 f4 14. g3 e4 15. Nh4 e3
16. fxe3 fxg3 17. Ng6 Re8 18. Qc2 Na6 19. Nf4 Nc5 20. Qg6 Re5 21. h4 Bf5 22.
Qxg3 Nce4 23. Nxe4 Nxe4 24. Qg2 Nxd2 25. Rg1 Nf3+ 26. Qxf3 Qxh4+ 27. Kd2 Re7 28.
Nh5 Rf8 29. Raf1 Qe4 30. Qxe4 Bxe4 31. Rxf8+ Kxf8 32. Nf4 Bxb2 33. Ne6+ Kf7 34.
Bh5+ Kf6 35. Rf1+ Ke5 36. Nd8 c6 37. Nf7+ Rxf7 38. Bxf7 cxd5 39. Bxd5 Bxd5 40.
cxd5 Ba3 41. Kd3 Kxd5 42. Rf5+ Ke6 43. Rxa5 Bc5 44. Ke4 b6 45. Ra7 Kf6 46. Kf4
Bb4 47. Rb7 Bc5 48. e4 Bd4 49. Ra7 Bc5 50. Ra8 Bb4 51. Rf8+ Ke6 52. Rb8 Bd2+ 53.
Kf3 Ba5 54. Rh8 Bd2 55. Ke2 Bf4 56. Rb8 d5 57. Rxb6+ Bd6 58. a4 dxe4 59. a5 Kd7
60. a6 Bc5 61. Rb5 Bg1 62. a7 1-0

[Event "Portugal Open 2020"]
[Site "Lisboa POR"]
[Date "2020.01.29"]
[Round "6.8"]
[White "Arizmendi Martínez, Julen Luis"]
[Black "Mihajlov, Sebastian"]
[Result "1/2-1/2"]
[WhiteElo "2505"]
[BlackElo "2374"]
[WhiteFideId "2205092"]
[BlackFideId "1512110"]
[WhiteTitle "GM"]
[BlackTitle "IM"]
[WhiteCountry "ESP"]
[BlackCountry "NOR"]
[PlyCount "44"]
[EventDate "2020.??.??"]

1. e4 e5 2. Nf3 Nc6 3. Bb5 a6 4. Ba4 Nf6 5. O-O Be7 6. Re1 b5 7. Bb3 d6 8. c3
O-O 9. h3 Bb7 10. d4 Re8 11. Nbd2 Bf8 12. Bc2 h6 13. d5 Nb8 14. b3 c6 15. c4
Nbd7 16. Nf1 cxd5 17. cxd5 Rc8 18. Be3 Nh5 19. Rc1 Nf4 20. Qd2 Qf6 21. N1h2 g5
22. Bb1 h5 1/2-1/2

[Event "Portugal Open 2020"]
[Site "Lisboa POR"]
[Date "2020.01.29"]
[Round "6.9"]
[White "Taboas Rodriguez, Daniel"]
[Black "Spraggett, Kevin"]
[Result "1/2-1/2"]
[WhiteElo "2348"]
[BlackElo "2501"]
[WhiteFideId "2208466"]
[BlackFideId "2600013"]
[WhiteTitle "FM"]
[BlackTitle "GM"]
[WhiteCountry "ESP"]
[BlackCountry "CAN"]
[PlyCount "70"]
[EventDate "2020.??.??"]

1. d4 Nf6 2. Nf3 e6 3. c4 Bb4+ 4. Nbd2 O-O 5. a3 Be7 6. e4 d6 7. Bd3 c5 8. d5
Nbd7 9. dxe6 fxe6 10. e5 Nxe5 11. Nxe5 dxe5 12. Qe2 b6 13. O-O Bb7 14. Re1 Qd4
15. Nf1 Rad8 16. Bc2 Qh4 17. Be3 e4 18. Rad1 Ng4 19. Rxd8 Bxd8 20. h3 Ne5 21.
Ng3 Bc7 22. Bd2 Ba6 23. b3 Nc6 24. Qxe4 Qxe4 25. Nxe4 Nd4 26. Bd1 h6 27. Bc3 Rd8
28. Ng3 Kf7 29. Bg4 e5 30. Bd1 Bb7 31. Kf1 a5 32. a4 Ne6 33. Bc2 Nd4 34. Bd1 Ne6
35. Bc2 Nd4 1/2-1/2

[Event "Portugal Open 2020"]
[Site "Lisboa POR"]
[Date "2020.01.29"]
[Round "6.10"]
[White "Haldorsen, Benjamin"]
[Black "Rocha, Sérgio"]
[Result "1-0"]
[WhiteElo "2463"]
[BlackElo "2343"]
[WhiteFideId "1512633"]
[BlackFideId "1900404"]
[WhiteTitle "IM"]
[BlackTitle "IM"]
[WhiteCountry "NOR"]
[BlackCountry "POR"]
[PlyCount "59"]
[EventDate "2020.??.??"]

1. e4 d5 2. exd5 Qxd5 3. Nc3 Qa5 4. Bc4 Nf6 5. d3 c6 6. Bd2 Qc7 7. Qe2 Bf5 8. h3
h5 9. Nf3 Nbd7 10. a4 e6 11. a5 Bb4 12. O-O O-O-O 13. a6 b6 14. Rfe1 Bc5 15. d4
Bb4 16. Bd3 Bxd3 17. cxd3 Bxc3 18. bxc3 Rdg8 19. Ng5 Rf8 20. Qf3 Nb8 21. Bf4 Qd7
22. Qg3 h4 23. Qh2 Rh5 24. Nf3 Nxa6 25. Rxa6 Kb7 26. Rea1 Ra8 27. Bb8 Rb5 28.
Rxa7+ Rxa7 29. Rxa7+ Kc8 30. Rc7+ 1-0

[Event "Portugal Open 2020"]
[Site "Lisboa POR"]
[Date "2020.01.29"]
[Round "6.11"]
[White "Bayramov, Zaur"]
[Black "Stachowiak, Kamil"]
[Result "1/2-1/2"]
[WhiteElo "2333"]
[BlackElo "2446"]
[WhiteFideId "13405080"]
[BlackFideId "1119966"]
[WhiteTitle "FM"]
[BlackTitle "IM"]
[WhiteCountry "AZE"]
[BlackCountry "POL"]
[PlyCount "55"]
[EventDate "2020.??.??"]

1. g3 c5 2. Bg2 Nc6 3. c4 g6 4. Nc3 Bg7 5. Nf3 d6 6. O-O e5 7. d3 Nge7 8. a3 O-O
9. Rb1 a5 10. Ne1 Be6 11. Nd5 f5 12. Nc2 Bxd5 13. cxd5 Nd4 14. b4 cxb4 15. Nxd4
exd4 16. axb4 a4 17. b5 Qd7 18. Ba3 Nc8 19. Qd2 Nb6 20. Rfc1 f4 21. Bf3 Be5 22.
g4 Rfc8 23. Rxc8+ Rxc8 24. Qa5 Qd8 25. Qa7 Ra8 26. Qxb7 Rb8 27. Qa7 Ra8 28. Qb7
1/2-1/2

[Event "Portugal Open 2020"]
[Site "Lisboa POR"]
[Date "2020.01.29"]
[Round "6.13"]
[White "Goluch, Piotr"]
[Black "Fidalgo, André"]
[Result "1-0"]
[WhiteElo "2413"]
[BlackElo "2282"]
[WhiteFideId "1137840"]
[BlackFideId "1933620"]
[WhiteTitle "IM"]
[BlackTitle "NM"]
[WhiteCountry "POL"]
[BlackCountry "POR"]
[PlyCount "93"]
[EventDate "2020.??.??"]

1. e4 c5 2. Nf3 Nc6 3. Bb5 g6 4. O-O Bg7 5. c3 Nf6 6. Re1 O-O 7. d4 cxd4 8. cxd4
d5 9. e5 Ne8 10. Nc3 Bg4 11. Bxc6 bxc6 12. h3 Bxf3 13. Qxf3 f6 14. Qg4 Qc8 15.
Qxc8 Rxc8 16. exf6 Bxf6 17. Be3 Nd6 18. Rad1 Rb8 19. b3 Nf5 20. Na4 Nxe3 21.
fxe3 e5 22. Nc5 Rf7 23. e4 Bh4 24. Re2 exd4 25. exd5 cxd5 26. Rxd4 Be7 27. Rxd5
Rb5 28. Ree5 Bxc5+ 29. Rxc5 Rxc5 30. Rxc5 Rd7 31. Rc2 Rf7 32. Rf2 Rc7 33. Kf1
Kg7 34. Ke2 g5 35. Kd3 Kg6 36. b4 h5 37. a4 h4 38. b5 Rc1 39. a5 Ra1 40. a6 Ra4
41. Kc3 g4 42. hxg4 Rxg4 43. b6 Rg3+ 44. Kb4 Rg4+ 45. Kb5 Rg5+ 46. Kc6 axb6 47.
Ra2 1-0

[Event "Portugal Open 2020"]
[Site "Lisboa POR"]
[Date "2020.01.29"]
[Round "6.14"]
[White "Baba, Masahiro"]
[Black "Sousa, André V"]
[Result "1/2-1/2"]
[WhiteElo "2274"]
[BlackElo "2391"]
[WhiteFideId "7000766"]
[BlackFideId "1917617"]
[WhiteTitle "FM"]
[BlackTitle "IM"]
[WhiteCountry "JPN"]
[BlackCountry "POR"]
[PlyCount "114"]
[EventDate "2020.??.??"]

1. e4 e5 2. Nf3 Nc6 3. Bb5 a6 4. Ba4 Nf6 5. O-O Be7 6. Re1 b5 7. Bb3 d6 8. c3
O-O 9. h3 Nb8 10. d4 Nbd7 11. Nbd2 Bb7 12. Bc2 Re8 13. Nf1 Bf8 14. Ng3 g6 15. a4
Nb6 16. b3 bxa4 17. bxa4 a5 18. Bd3 Qc8 19. Bg5 Bg7 20. Rb1 h6 21. Bd2 Ba6 22.
Bb5 c6 23. Bxa6 Qxa6 24. Nh4 Nc4 25. Bc1 d5 26. Qf3 exd4 27. cxd4 dxe4 28. Nxe4
Nxe4 29. Rxe4 Rxe4 30. Qxe4 Nd6 31. Qc2 Re8 32. Be3 Qc4 33. Rc1 Qxc2 34. Rxc2
Rc8 35. Nf3 g5 36. g4 f5 37. gxf5 Kf7 38. Rc5 Nb7 39. Ne5+ Bxe5 40. Rxe5 Rd8 41.
Kg2 Rd5 42. f4 Kf6 43. fxg5+ hxg5 44. Rxd5 cxd5 45. Bd2 Kxf5 46. Kf3 Kf6 47. Kg4
Kg6 48. Bxg5 Nd6 49. Bd8 Nc4 50. h4 Ne3+ 51. Kf4 Nc4 52. Bxa5 Nxa5 53. Ke5 Nc4+
54. Kxd5 Nb6+ 55. Kc6 Nxa4 56. d5 Nb2 57. d6 Nc4 1/2-1/2

[Event "Portugal Open 2020"]
[Site "Lisboa POR"]
[Date "2020.01.29"]
[Round "6.15"]
[White "Martín Duque, Jesus"]
[Black "Veiga, Francisco"]
[Result "1/2-1/2"]
[WhiteElo "2447"]
[BlackElo "2312"]
[WhiteFideId "2208954"]
[BlackFideId "1930087"]
[WhiteTitle "IM"]
[BlackTitle "FM"]
[WhiteCountry "ESP"]
[BlackCountry "POR"]
[PlyCount "113"]
[EventDate "2020.??.??"]

1. d4 Nf6 2. c4 c5 3. d5 e6 4. Nc3 exd5 5. cxd5 d6 6. e4 g6 7. f4 Bg7 8. Bb5+
Nfd7 9. Be2 O-O 10. Nf3 Re8 11. O-O Nb6 12. f5 N8d7 13. fxg6 fxg6 14. Bg5 Bf6
15. Qc1 Bxg5 16. Nxg5 Ne5 17. a4 h6 18. Ne6 Bxe6 19. dxe6 Kg7 20. a5 Nc8 21. Nd5
Rxe6 22. Ra3 Ne7 23. Rh3 g5 24. Ne3 Qh8 25. Bc4 Rg6 26. Ng4 Rf8 27. Nxe5 dxe5
28. Rhf3 Rxf3 29. Rxf3 Kh7 30. Qf1 Qd8 31. Rf7+ Rg7 32. Rxg7+ Kxg7 33. Qf7+ Kh8
34. Qf6+ Kh7 35. Bd5 Qc7 36. Qf7+ Kh8 37. Be6 Qd8 38. Qf6+ Kh7 39. h3 Qe8 40.
Qxe5 Ng6 41. Qd5 Qe7 42. Qf5 Kg7 43. Bd5 Nf4 44. Bc4 Ng6 45. Qd5 h5 46. Qg8+ Kh6
47. Bf7 Qxe4 48. Bxg6 Qxg6 49. Qh8+ Qh7 50. Qf6+ Qg6 51. Qh8+ Qh7 52. Qf8+ Qg7
53. Qd6+ Qg6 54. Qf8+ Qg7 55. Qd6+ Qg6 56. Qf8+ Qg7 57. Qd6+ 1/2-1/2

[Event "Portugal Open 2020"]
[Site "Lisboa POR"]
[Date "2020.01.29"]
[Round "6.16"]
[White "Krzywda, Andrzej"]
[Black "Dâmaso, Rui"]
[Result "0-1"]
[WhiteElo "2178"]
[BlackElo "2420"]
[WhiteFideId "1114565"]
[BlackFideId "1900030"]
[WhiteTitle "CM"]
[BlackTitle "IM"]
[WhiteCountry "POL"]
[BlackCountry "POR"]
[PlyCount "62"]
[EventDate "2020.??.??"]

1. d4 Nf6 2. c4 e6 3. Nf3 b6 4. Bf4 Bb7 5. e3 Bb4+ 6. Nfd2 O-O 7. a3 Be7 8. Nc3
c5 9. d5 exd5 10. cxd5 Nxd5 11. Qf3 Bg5 12. Nxd5 Bxf4 13. exf4 Re8+ 14. Kd1 Nc6
15. Bc4 Nd4 16. Qd3 Qh4 17. f3 Re2 18. Ne4 Rxg2 19. Re1 b5 20. Ba2 Nc2 21. Qxc2
Rxc2 22. Kxc2 c4 23. Rad1 Bxd5 24. Kb1 Be6 25. Ka1 Qxf4 26. Bb1 a5 27. Nc5 g6
28. Be4 Rc8 29. Nxd7 c3 30. Nb6 cxb2+ 31. Kxb2 Qxh2+ 0-1